Responses for Show #1482 - Tuesday, January 29, 1991

Lynne Wexler game 5.
Game entered from audiorecording. Missing prizes.

Contestants

[<< previous game]

Carol Bruno, a benefits analyst originally from Akron, Ohio

Marc Strassman, a producer and writer from Los Angeles, California

Lynne Wexler, a librarian from Evanston, Illinois (whose 4-day cash winnings total $55,301)

[next game >>]

Jeopardy! Round responses

LAKES & RIVERS
BY THE NUMBERS
HOLIDAYS & OBSERVANCES
ANIMALS
THE MOVIES
JAMES K. POLK
    $100 21
the Great Salt Lake

Carol
    $100 15
five o'clock shadow

Lynne
    $100 2
Hawaii

Marc
    $100 10
the laughing hyena

Lynne
    $100 1
Ted Turner

Carol
    $100 26
dancing

Marc
    $200 22
Lake Champlain

Carol
    $200 16
a cat-o-nine tails

Lynne
    $200 4
Massachusetts

Carol
    $200 11
its ears

Marc
    $200 3
Abbott & Costello

Carol
    $200 27
Andrew Jackson

Carol
    $300 23
the Rio Grande

Lynne
    $300 17
a four-bagger

Carol
    $300 5
(Lynne: What is Thanksgiving?)
(Carol: What is Armistice Day or [*]?)

Veterans Day

LynneCarol
    $300 12
a camel

Lynne
    $300 7
The Grapes of Wrath

Lynne
    $300 28
the Pacific Ocean

Marc
    $400 24
Lake Pontchartrain

Lynne
    $400 18
110 cornets

Carol
    $400 6
George Washington Carver

Marc
    $400 13
a bird

Marc
    $400 8
(Carol: Who is Manute Bol?)
[ERRATUM: The character's name is Bombaata.]

Wilt Chamberlain

MarcCarol
    $500 29
Mexico

Marc
    $500 25
(Marc: What is Minnesota?)

Alaska

Marc
Triple Stumper
    $500 20
Ten Days That Shook the World

Marc
    $500 19
grandparents

Carol
    $500 14
the manatee

Lynne
    $500 9
The Shootist

Lynne
    $500 30
Nashville

Triple Stumper

Scores at the first commercial break (after clue 14):

Lynne Marc Carol
$1,400 $1,500 $400

Scores at the end of the Jeopardy! Round:

Lynne Marc Carol
$2,400 $2,400 $2,100

Double Jeopardy! Round responses

LITERATURE
EXPLORERS
OFFICIAL LANGUAGES
PROVERBS
MUSIC
MYTHOLOGICAL WOMEN
    $200 2
poet laureate

Carol
    $200 23
Amerigo Vespucci

Marc
    $200 1
Spanish

Lynne
    $200 20
another

Lynne
    $200 11
Tin Pan Alley

Lynne
    $200 7
a cow

Carol
    $400 4
(Carol: Who is Salinger?)

(Robert) Frost

LynneCarol
    $400 24
the Mississippi

Marc
    $400 3
Thai

Lynne
    $400 22
dead men

Marc
    $400 13
(Lynne: Who is...)

Zubin Mehta

LynneMarc
    $400 14
a tree

Lynne
    $600 5
"La Belle Dame sans Merci"

Lynne
    $600 25
(Marc: What is France?)

Portugal

MarcCarol
    $600 8
Hindi

Carol
    $600 26
the tune

Lynne
    $600 15
(Carol: Who is Brecht?)

Kurt Weill

MarcCarol
    $600 16
Odin

Marc
    $800 6
Boccaccio

Marc
    $800 28
the Northwest Passage

Carol
    $2,000 9
Chinese

Carol
    $800 27
a blacksmith

Marc
    $1,200 18
Benny Goodman

Lynne
    $800 17
(King) Priam

Lynne
    $1000 12
The Red and the Black

Lynne
    $1000 30
the Nile

Lynne
    $1000 10
Finnish & Swedish

Triple Stumper
    $1000 29
inclined

Marc
    $1000 19
Wolf Trap

Carol
    $1000 21
Artemis

Carol

Scores at the end of the Double Jeopardy! Round:

Lynne Marc Carol
$9,000 $7,000 $7,500

[wagering suggestions for these scores]

Final Jeopardy! Round responses

GEOGRAPHY
MarcWhat are California & New York?
$7,000
CarolWhat are Texas & Ohio?
$7,000
LynneWhat are Texas & California?
$6,050
Texas & California

Final scores:

Lynne Marc Carol
$15,050 $0 $500
5-day champion: $70,351 3rd place 2nd place

Game dynamics:

Coryat scores:

Lynne Marc Carol
$8,600 $6,900 $6,300
21 R
(including 1 DD),
2 W
18 R
(including 1 DD),
2 W
18 R
(including 1 DD),
3 W

Combined Coryat: $21,800

[game clues] [game scores] [suggest correction]

Game tape date: 1990-10-16
The J! Archive is created by fans, for fans. Scraping, republication, monetization, and malicious use prohibited; this site may use cookies and collect identifying information. See terms. The Jeopardy! game show and all elements thereof, including but not limited to copyright and trademark thereto, are the property of Jeopardy Productions, Inc. and are protected under law. This website is not affiliated with, sponsored by, or operated by Jeopardy Productions, Inc. Join the discussion at JBoard.tv.